000 00554nam a2200169 i 4500
001 149597
003 ES-MaACL
005 20230906203152.0
007 t|
008 071023s1959 sp ||||1| spa d
100 1 _aVasconcelos, Bernardo Teixeira de.
_9113266
245 1 0 _aSed de luz y paz /
_cBernardo T. de Vasconcelos ; (traducción y notas del P. Germán Prados).
260 _aBilbao :
_bDesclée de Brouwer,
_c1959.
300 _a157 p. :
_bretr. autor ;
_c19 cm.
700 1 _aPrados, Germán.
_993633
852 _aES-MaACL
_jC-18013
_bR.45739
999 _c149597
_d149597